| 000 | 00330nam a2200133 i 4500 | ||
|---|---|---|---|
| 001 | bg | ||
| 100 | 1 |
_aKaczorek, Tadeusz _d(1932- ). |
|
| 245 | 0 |
_aMacierze w automatyce i elektrotechnice / _cT. Kaczorek. |
|
| 260 |
_aWarszawa, _c1984. |
||
| 040 | _cBPK | ||
| 041 | _apol | ||
| 942 | _cKS | ||
| 008 | 940505s1984 pl f |000 0 pol | ||
| 999 |
_c1960 _d1960 |
||
| 856 |
_uhttp://koha.tu.koszalin.pl/cgi-bin/koha/opac-detail.pl?biblionumber=1960 _yKatalog online BPK |
||